00750nam a2200157 a 4500008004100000050001600041110007000057245015200127260003800279300000900317350000900326650002900335995009300364999001700457952011800474081119s1969 ||||||||||||||||| || u aGOV.ZAM(02) aThe Government of the Republic of Zambia. Office of the President10aRevised model standing orders for township councils and rural councilscIssued by the Provincial Local government Division. Office of the President aLusaka:bGovernment Printerc1969 a19p. a0.00 aLOCAL GOVERNMENT--ZAMBIA D0.00FCBU-MAIN LIBRARY (Kitwe)H1I0.00M1UAVAILABLEWNov 19, 2008ZZambiana Collection c56508d56508 00102lcc4070a001b001cZambiana Collectiond2022-11-30l0oGOV.ZAM(02)p03003166r2022-11-30w2022-11-30y002